Logo BPK

Biblioteka

Politechniki Koszalińskiej

Prawo ochrony środowiska Wspólnoty Europejskiej. (Rekord nr 31401)

Szczegóły MARC
000 -ETYKIETA REKORDU
podpole kontrolne o stałej długości 01184nam a2200301 i 4500
001 - NUMER KONTROLNY REKORDU
pole kontrolne bg
020 ## - MIĘDZYNARODOWY ZNORMALIZOWANY NUMER KSIĄŻKI - ISBN
ISBN 8386467045 (t.4)
020 ## - MIĘDZYNARODOWY ZNORMALIZOWANY NUMER KSIĄŻKI - ISBN
ISBN 8386467002 (t.1-8)
040 ## - ŹRÓDŁO KATALOGOWANIA
Instytucja, która utworzyła rekord BPK
041 1# - KOD JĘZYKA
Kod języka tekstu pl
080 ## - UNIWERSALNA KLASYFIKACJA DZIESIĘTNA - UKD
UKD 504:349.6](4)(094)
920 ## - Międzynarodowy znormalizowany numer książki – ISBN
ISBN 83-86467-04-5 ((t.4))
920 ## - Międzynarodowy znormalizowany numer książki – ISBN
ISBN 83-86467-00-2 ((t.1-8))
008 - POLE O STAŁEJ DŁUGOŚCI - DANE KONTROLNE
podpole kontrolne o stałej długości s pl f |000 0 pol
245 00 - TYTUŁ/ODPOWIEDZIALNOŚĆ
Tytuł Prawo ochrony środowiska Wspólnoty Europejskiej.
Oznaczenie części/sekcji dzieła T. 4,
Tytuł części/sekcji dzieła Przyroda /
Pozostałe elementy strefy tytułu i oznaczenia odpowiedzialności [red. pol. wyd. Janusz Żurek, Marta Radwan ; tł. z ang. Krzysztof Brzózka et al.] Min. Ochrony Środowiska, Zasobów Naturalnych i Leśnictwa, Instytut Ochrony Środowiska.
246 ## - WARIANT TYTUŁU
Treść wyrażenia wprowadzającego Tyt. oryg.:
Tytuł European Community environment legislation
260 ## - STREFA ADRESU WYDAWNICZEGO
Miejsce wydania Warszawa :
Nazwa wydawcy/dystrybutora "GEA",
Data publikacji, dystrybucji/powstania dokumentu [cop. 1994].
300 ## - STREFA OPISU FIZYCZNEGO
Objętość XLVI, 363 s. ;
Rozmiary 24 cm.
500 ## - UWAGI OGÓLNE
Tekst uwagi Oryg.: "European Community environment legislation. Vol.4: Nature" 1992.
504 ## - UWAGA DOTYCZĄCA BIBLIOGRAFII
Informacje o bibliografii Indeks aktów prawnych.
650 #9 - HASŁO PRZEDMIOTOWE W FORMIE NAZWY OGÓLNEJ LUB JEDNOSTKOWEJ
Nazwa ogólna lub geograficzna Prawo wspólnotowe europejskie
650 #9 - HASŁO PRZEDMIOTOWE W FORMIE NAZWY OGÓLNEJ LUB JEDNOSTKOWEJ
Nazwa ogólna lub geograficzna Środowisko człowieka
Określnik ogólny ochrona
-- prawo
Określnik geograficzny Europa
650 #9 - HASŁO PRZEDMIOTOWE W FORMIE NAZWY OGÓLNEJ LUB JEDNOSTKOWEJ
Nazwa ogólna lub geograficzna Przyroda
Określnik ogólny ochrona
Określnik geograficzny Europa
700 1# - HASŁO DODATKOWE - NAZWA OSOBOWA
Nazwa osobowa ŻUREK, Janusz.
Określenie związku między hasłem a opisywanym materiałem Red.
700 1# - HASŁO DODATKOWE - NAZWA OSOBOWA
Nazwa osobowa RADWAN, Marta.
Określenie związku między hasłem a opisywanym materiałem Red.
700 1# - HASŁO DODATKOWE - NAZWA OSOBOWA
Nazwa osobowa BRZÓZKA, Krzysztof.
Określenie związku między hasłem a opisywanym materiałem Tł.
856 ## - LOKALIZACJA I DOSTĘP DO ELEKTRONICZNYCH DOKUMENTÓW ZDALNYCH
Link (URL) http://koha.tu.koszalin.pl/cgi-bin/koha/opac-detail.pl?biblionumber=31401
Tekst linku Katalog online BPK
942 ## - DODATKOWE ELEMENTY (KOHA)
Typ dokumentu Książka
Egzemplarze
Wycofany Status egzemplarza Uszkodzony Dostępność Lokalizacja stała Lokalizacja bieżąca Miejsce przechowywania Sygnatura Kod kreskowy Dział Typ dokumentu Ostatnio wypożyczono
      Tylko na miejscu Biblioteka Politechniki Koszalińskiej Biblioteka Politechniki Koszalińskiej Czytelnia BG 38744 01218428 349.6 Prawo ochrony środowiska Książka  
      Dostępny Biblioteka Politechniki Koszalińskiej Biblioteka Politechniki Koszalińskiej Wypożyczalnia BG 38754 01218411   Książka 14.11.2013
© 2023 Biblioteka Politechniki Koszalińskiej :: KOHA